| 000 | 00491nam a2200181Ia 4500 | ||
|---|---|---|---|
| 999 |
_c29143 _d29143 |
||
| 003 | OSt | ||
| 005 | 20210101113238.0 | ||
| 008 | 190216s9999||||xx |||||||||||||| ||und|| | ||
| 020 | _a9798184230764 | ||
| 040 | _coclc | ||
| 082 |
_a954.83 _bPAV/K |
||
| 100 |
_aPavanan _93507 |
||
| 245 | 0 |
_aKeralam Engane Jeevikkunnu / _cPavanan |
|
| 260 |
_bGreen Books, _aThrissur: _c2007. |
||
| 300 | _a184p | ||
| 650 | _aPadanam | ||
| 942 |
_cBK _2ddc _h954.83 _iPAV/K _k954.83 _mPAV/K |
||